| 000 | 01004 a2200337 4500 | ||
|---|---|---|---|
| 999 |
_c200002336 _d36163 |
||
| 001 | 200002336 | ||
| 003 | TR-AnTOB | ||
| 005 | 20231218093629.0 | ||
| 008 | 110721s2010 tu 000 0 d | ||
| 020 | _a9789756992319 | ||
| 040 |
_aTR-AnTOB _cTR-AnTOB |
||
| 041 | 0 | _atur | |
| 050 | 1 | 4 |
_aDR592.K4 _bG63 2010 |
| 090 | _aDR592.K4 G63 2010 | ||
| 100 | 1 |
_aGöçgün, Önder _971383 |
|
| 245 | 0 | 0 |
_aAtatürk, gençlik ve cumhuriyet / _cÖnder Göçgün. |
| 250 | _a1. baskı. | ||
| 264 | 1 |
_aAnkara : _bSistem Ofset, _c2010. |
|
| 300 |
_a152 p.: _c24 cm. |
||
| 336 |
_2rdacontent _atext _btxt |
||
| 337 |
_2rdamedia _aunmediated _bn |
||
| 338 |
_2rdacarrier _avolume _bnc |
||
| 490 | 0 | _aPamukkale Üniversitesi yayınları, no: 19 | |
| 500 | _aKaynakça var (151 - 152 ) | ||
| 600 | 0 | 7 |
_aAtatürk, Mustafa Kemal _d1881-1938 _2etuturkob _920781 |
| 650 | 0 | 7 |
_aGençlik _zTürkiye _2etuturkob _917155 |
| 653 | _aAtatürk ve gençlik | ||
| 910 | _a0034906 | ||
| 942 |
_cBK _2lcc |
||